Geography Quiz

Random Geography or Asia Quiz

Click the Black Sea Countries Quiz Stats

 Plays Quiz Updated Dec 5, 2016

Support Sporcle.
Go Orange.
Score 0/6 Timer 01:30
78 Plays Today
% Correct
Turkey
94.8%
Romania
91.4%
Bulgaria
88.8%
Ukraine
88.5%
Russia
88%
Georgia
86.9%

You're not logged in!

Compare scores with friends on all Sporcle quizzes.
OR
Log In

From the Vault

5 to 1: Australia

by mg10

Just watch out for giant bugs. And venomous snakes. And everything else.
Remove Ads.
Support Sporcle.
Get the best of Sporcle when you Go Orange. This ad-free experience offers more features, more stats, and more fun while also helping to support Sporcle. Thank you for becoming a member.

Show Comments

Extras

Top Quizzes Today


Score Distribution

Your Account Isn't Verified!

In order to create a playlist on Sporcle, you need to verify the email address you used during registration. Go to your Sporcle Settings to finish the process.

Report this User

Report this user for behavior that violates our Community Guidelines.

Details: